Schnelle Mathematik - Quadratzahlen Level 13 - Statistiken

Allgemein
  • Dieses Quiz wurde 176 mal gespielt
  • Das Durchschnittsergebnis liegt bei 22 aus 51
Antwortstatistiken
Frage Antwort % Korrekt
0
100%
1
100%
4
100%
10² 100
97%
16
97%
25
97%
36
97%
49
97%
64
97%
81
97%
9
97%
11² 121
92%
12² 144
84%
13² 169
76%
15² 225
65%
20² 400
65%
14² 196
62%
16² 256
49%
30² 900
46%
50² 2500
43%
40² 1600
38%
17² 289
32%
18² 324
30%
19² 361
27%
21² 441
24%
25² 625
24%
22² 484
22%
23² 529
22%
35² 1225
16%
24² 576
16%
31² 961
16%
32² 1024
14%
33² 1089
14%
37² 1369
14%
41² 1681
14%
48² 2304
14%
49² 2401
14%
26² 676
14%
27² 729
14%
28² 784
14%
29² 841
14%
34² 1156
11%
36² 1296
11%
38² 1444
11%
39² 1521
11%
42² 1764
11%
43² 1849
11%
44² 1936
11%
45² 2025
11%
46² 2116
11%
47² 2209
11%
Keine übereinstimmenden Quizze gefunden
Verteilung der Resultate
Anzahl Personen mit jedem Resultat
Perzentil nach korrekt beantworteten Fragen
Ihre Resultats-Entwicklung
Sie haben dieses Quiz noch nicht gespielt